The IMO compendium : a collection of problems suggested for the International Mathematical Olympiads: 1959-2004 /
Guardado en:
| Autor Corporativo: | |
|---|---|
| Otros Autores: | |
| Formato: | Libro |
| Idioma: | English |
| Publicado: |
New York, NY :
Springer,
2006.
|
| Series: | Problem books in mathematics
|
| Acceso en línea: | Publisher description |
| Etiquetas: |
Agregar Etiqueta
Sin Etiquetas, Sea el primero en etiquetar este registro!
|
| LEADER | 00819cam a22002175a 4500 | ||
|---|---|---|---|
| 001 | MAT.inmabb004017 | ||
| 008 | 050930s2006####nyua##########000#0#eng## | ||
| 005 | 20160621115622.0 | ||
| 245 | 0 | 4 | |a The IMO compendium : |b a collection of problems suggested for the International Mathematical Olympiads: 1959-2004 / |c Dusan Djukic ... [et al.]. |
| 260 | |a New York, NY : |b Springer, |c 2006. | ||
| 300 | |a xiv, 740 p. : |b il. ; |c 25 cm. | ||
| 440 | 0 | |a Problem books in mathematics | |
| 510 | 4 | |a MR, |c MR2203417 | |
| 020 | |a 0387242996 | ||
| 700 | 1 | |a Djukic, Dusan. | |
| 711 | 2 | |a International Mathematical Olympiads. | |
| 084 | |a 00A07 |2 MR | ||
| 010 | |a 2005934915 | ||
| 040 | |a DLC |c DLC |d DLC | ||
| 856 | 4 | 2 | |3 Publisher description |u http://www.loc.gov/catdir/enhancements/fy0663/2005934915-d.html |
| 859 | |h 00A07 |i Im33 |p A-8391 |b BIB. MATEMATICA | ||
